Being A Teenager Today/ (Record no. 206698)

MARC details
000 -LEADER
fixed length control field 00545nam a2200193 4500
005 - DATE AND TIME OF LATEST TRANSACTION
control field 20241024124908.0
010 ## - LCCN (DPL NO)
LC control number ENG-142411
020 ## - INTERNATIONAL STANDARD BOOK NUMBER
Terms of availability 350.00
International Standard Book Number 9789389810066
035 ## - SYSTEM CONTROL NUMBER
System control number EN-125943
037 ## - SOURCE OF ACQUISITION
Source of stock number/acquisition DBAD
082 ## - DEWEY DECIMAL CLASSIFICATION NUMBER
Classification number 239
100 ## - MAIN ENTRY--PERSONAL NAME
Personal name Beas, Radha Soami Satsang
245 ## - TITLE STATEMENT
Title Being A Teenager Today/
Remainder of title Radha Soami Satsang Beas
250 ## - EDITION STATEMENT
Edition statement First
260 ## - PUBLICATION, DISTRIBUTION, ETC. (IMPRINT)
Name of publisher, distributor, etc J. C. Sethi
Place of publication, distribution, etc Punjab
Date of publication, distribution, etc 2020
270 ## - ADDRESS
Address Dera Baba Jaimal Singh
City Punjab
Postal code 143204
300 ## - PHYSICAL DESCRIPTION
Extent 113p.
Dimensions 22cm(pb)
942 ## - ADDED ENTRY ELEMENTS (KOHA)
Source of classification or shelving scheme Dewey Decimal Classification
Item type English Books
Classification part 239
Call number suffix BEA
Edition 2020
Holdings
Withdrawn status Lost status Not for loan Collection code Home library Current library Date acquired Source of acquisition Cost, normal purchase price Full call number Barcode Copy number Cost, replacement price Koha item type
      Non-fiction Bawana Bawana 24/10/2024 DBAD 350.00 239 BEA EN-125943 1 350.00 English Books

© Delhi Public Library
Hit Counter
free hit counter